000 00317nam a2200121Ia 4500
005 20260328104257.0
008 260328s9999||||xx |||||||||||||| ||und||
100 _aRyan, Karen-Lee
245 0 _aTrails for the twenty -first Century /
_cKaren-Lee Ryan
260 _bIsland
650 _aARQUITECTURA CIVIL
942 _cBK
999 _c10477
_d10477